Most Popular Girls Names in Massachusetts - Statistics

General Stats
  • This quiz has been taken 147 times
  • The average score is 9 of 19
Answer Stats
Hint Answer % Correct
1980-87 Jennifer
66%
2002-2012 Emma
63%
1980-84, 1987-02 Sarah
63%
1993-05 Emily
62%
1983-84 Elizabeth
57%
1999-2012 Olivia
57%
1980-97 Jessica
56%
2005-2012 Sophia
56%
1985-95 Ashley
49%
2005-2012 Ava
47%
2003-04, 2006-12 Isabella
47%
1985-1992 Amanda
44%
1997-01 Hannah
42%
1989-99 Samantha
37%
2002-2004 Abigail
35%
1996 Rachel
35%
1998, 2000-01 Julia
33%
1980-82 Melissa
32%
1980-86, 1988 Nicole
32%
No matching quizzes found
Score Distribution
Percent of People with Each Score
Percentile by Number Answered
Your Score History
You have not taken this quiz